8 Scenes, 1 Movie! II Quiz Stats

 Plays Quiz Updated Sep 20, 2017

Score 0/25 Timer 10:00
3 Plays Today
% Correct
The Lego Movie
97.2%
300
91.9%
Batman
87%
Star Trek
85.3%
Alice in Wonderland
82.2%
How the Grinch Stole Christmas
82%
Mary Poppins
79.7%
Mad Max: Fury Road
77.4%
The Hunger Games
77.3%
X-Men: First Class
76.6%
Jurassic World
74.1%
Home Alone
73.2%
Harry Potter and the Chamber of Secrets
67.5%
% Correct
Guardians of the Galaxy
66%
The Hobbit: An Unexpected Journey
60.6%
Night at the Museum
59.9%
The Princess Bride
55.9%
Casino
54.9%
V For Vendetta
51.7%
Inglourious Basterds
45.4%
Eternal Sunshine of the Spotless Mind
44.3%
Hot Fuzz
41.4%
Fight Club
23.3%
Ted
12%
Birdman or (The Unexpected Virtue of Ignorance)
9.9%

You're not logged in!

Compare scores with friends on all Sporcle quizzes.
OR
Log In

Sporcle TV

Today on Sporcle TV


Watch our educational content, quiz creation guides, and fun videos on Sporcle TV.

Show Comments

Extras

Top Quizzes Today


Score Distribution

Your Account Isn't Verified!

In order to create a playlist on Sporcle, you need to verify the email address you used during registration. Go to your Sporcle Settings to finish the process.

Report this User

Report this user for behavior that violates our Community Guidelines.

Details: